| 000 | 00735nam a2200193 a 4500 | ||
|---|---|---|---|
| 001 | 000038009 | ||
| 005 | 20250221073755.0 | ||
| 008 | 090710s2009 dr ab 000 0 spa d | ||
| 040 |
_aDO-SdBNP _bspa _cBNPHU |
||
| 082 |
_a911.7293 _bD618p |
||
| 245 | 0 | 0 |
_aDivisión político República Dominicana 2009 / _cpresentación Pablo Tactuk. |
| 260 |
_aSanto Domingo : _bOficina Nacional de Estadísticas, _c2009. |
||
| 300 |
_a558 p. : _bil., mapas ; _c23 cm. |
||
| 651 | 4 |
_aRepública Dominicana _xHistoria _9170 |
|
| 650 | 4 |
_aGeografía historica _xMapas _zRepública Dominicana _911010 |
|
| 700 |
_aTactuk, Pablo _95774 |
||
| 710 | 1 |
_aRepública Dominicana. _bOficina Nacional de Estadística _95775 |
|
| 910 | _aValidado. Control de calidad MFF | ||
| 999 |
_c37499 _d37499 |
||